000 00911cam a2200265 i 4500
001 bg
003 BPK
005 20220303122930.0
008 000718s2000 pl a f |000 0 pol
015 _aPB 2000/13025
020 _a8372250715
040 _aWA N
_cBPK
041 0 _apol
080 _a339.7
100 1 _aChrabonszczewska, Elżbieta
_eAutor
245 1 0 _aMiędzynarodowe rynki finansowe /
_cElżbieta Chrabonszczewska, Leokadia Oręziak.
260 _aWarszawa :
_bSzkoła Główna Handlowa,
_c2000.
300 _a242 s. :
_bil. ;
_c25 cm.
504 _aBibliogr.
650 4 _aRynek finansowy międzynarodowy
710 2 _aSzkoła Główna Handlowa w Warszawie.
_bOficyna Wydawnicza.
_4pbl.
700 1 _aOręziak, Leokadia
_d(1954- )
_eAutor
856 _uhttp://koha.tu.koszalin.pl/cgi-bin/koha/opac-detail.pl?biblionumber=38084
_yKatalog online BPK
942 _2UKD
_cKS
999 _c38084
_d38084